Name Any Country... Quiz Stats

Quiz Updated Apr 25, 2018

Challenge
Share
Tweet
Embed
Score 0/36 Timer 05:00
2 Plays Today
Hint Country % Correct
That Shares a Border With...Brazil, Ecuador, etc.
96.3%
Whose Official Languages Include...Egypt, Saudi Arabia, etc.
93.8%
Whose Official Languages Include...Netherlands, Suriname, Belgium
92.9%
That Shares a Border With...Indonesia, Brunei, Thailand
86.5%
That Shares a Border With...Lithuania, Ukraine, Russia
85.3%
Whose Official Languages Include...Iran, Tajikistan, Afghanistan
84.2%
Using a Currency Called...Mexico, Argentina, etc.
84.1%
Using a Currency Called...India, Nepal, etc.
83.3%
That Shares a Border With...El Salvador, Nicaragua, Guatemala
82.3%
Whose Population Is...China, India
80.9%
That Shares a Border With...Libya, Nigeria
79%
That Gained Independence...Croatia, Serbia, etc.
74.6%
Whose Population Is...Ethiopia, Nigeria, Egypt, DRC
71.8%
That Gained Independence...Guinea, Haiti, Laos, etc.
68.8%
That Gained Independence...Brazil, Angola, etc.
68.4%
With a Capital That...Guyana, Sierra Leone, etc.
67.1%
With a Capital That...Ireland, Senegal, Syria, etc.
64.7%
Whose Population Is...USA, Russia, Germany
62.4%
Hint Country % Correct
Using a Currency Called...Czechia, Iceland, Norway, Sweden, Denmark
61.8%
That Gained Independence...South Sudan, Kosovo
61.6%
Whose Population Is...Canada, Australia, etc.
59.2%
With a Capital That...Haiti, Benin, Vanuatu, etc.
57.3%
That Shares a Border With...Senegal
56.6%
Whose Population Is...Vatican City
55.9%
Whose Official Languages Include...Sri Lanka, Singapore
51.8%
That Gained Independence...Cuba, Philippines, etc.
51.1%
That Gained Independence...Eritrea
49.4%
Whose Official Languages Include...Peru, Bolivia, Ecuador
47.8%
Whose Population Is...Monaco, Singapore
45.2%
Using a Currency Called...South Africa, Namibia, etc.
44%
Using a Currency Called...Iran, Oman, Qatar, etc.
40.9%
With a Capital That...Ecuador
37.5%
Using a Currency Called...Algeria, Jordan, Iraq, etc.
36.7%
With a Capital That...China, North Korea, Luxembourg
30.9%
With a Capital That...Sri Lanka, Brunei, Andorra
29.9%
Whose Official Languages Include...Ethiopia
24.7%

You're not logged in!

Compare scores with friends on all Sporcle quizzes.
Join for Free
OR
Log In

You Might Also Like...

Show Comments

Extras

Top Quizzes Today


Score Distribution

Your Account Isn't Verified!

In order to create a playlist on Sporcle, you need to verify the email address you used during registration. Go to your Sporcle Settings to finish the process.

Report this User

Report this user for behavior that violates our Community Guidelines.

Details: